Business Resumption Planning. (Record no. 2441)

MARC details
000 -LEADER
fixed length control field 00533nam a22002057a 4500
003 - CONTROL NUMBER IDENTIFIER
control field OSt
005 - DATE AND TIME OF LATEST TRANSACTION
control field 20151105183629.0
008 - FIXED-LENGTH DATA ELEMENTS--GENERAL INFORMATION
fixed length control field 151105b xxu||||| |||| 00| 0 eng d
020 ## - INTERNATIONAL STANDARD BOOK NUMBER
International Standard Book Number 9780849314599
040 ## - CATALOGING SOURCE
Transcribing agency DDC
050 ## - LIBRARY OF CONGRESS CALL NUMBER
Classification number 658.4 BUS 2009
Item number BUS 2009
100 ## - MAIN ENTRY--PERSONAL NAME
Personal name edited by Wrobel A,Leo;
9 (RLIN) 6010
245 ## - TITLE STATEMENT
Title Business Resumption Planning.
250 ## - EDITION STATEMENT
Edition statement 2nd ed
260 ## - PUBLICATION, DISTRIBUTION, ETC. (IMPRINT)
Place of publication, distribution, etc. london New york
Name of publisher, distributor, etc. CRC Press
Date of publication, distribution, etc. 2009
300 ## - PHYSICAL DESCRIPTION
Extent xv,489p;
Other physical details ill:
Dimensions 36cm
504 ## - BIBLIOGRAPHY, ETC. NOTE
Bibliography, etc includes index
650 ## - SUBJECT ADDED ENTRY--TOPICAL TERM
Topical term or geographic name as entry element Marketing
9 (RLIN) 518
942 ## - ADDED ENTRY ELEMENTS (KOHA)
Source of classification or shelving scheme Dewey Decimal Classification
Koha item type Short Loan
Holdings
Withdrawn status Lost status Source of classification or shelving scheme Damaged status Not for loan Home library Current library Date acquired Source of acquisition Inventory number Total Checkouts Barcode Date last seen Price effective from Koha item type
    Dewey Decimal Classification     MUST Main Library MUST Main Library 05/11/2015   11/35109   2015-2461 05/11/2015 05/11/2015 Short Loan